000 00525nam a2200193Ia 4500
005 20250923144843.0
008 008 250917s9999 xx 000 0 eng d
037 _aTextual
040 _aDSWL
_beng
_cDSWL
041 _aeng
_2eng
084 _aQ43wN35, N62
_qDSWL
245 0 _aMy land and my people
_cEd. by David Howarth
260 _aLondon
_bWeidenfieldand Nicolson
_c1962
300 _a253p.
365 _aINR
_b0.2
925 _g0.2
942 _cTEXL
_hQ43wN35, N62
999 _c1444189
_d1444189